00391nam a22001337a 450000500170000000800410001704100230005808200120008110000230009324500390011626000460015530000310020165000250023220240702145436.0240702b |||||||| |||| 00| 0 eng d aEnglish/Afrikaans  a349 SOU lEnglish/Afrikaans  aSouth African Criminal Law Reports aCape Town: bJuta and Company Ltd, c1997 blxii, 695 pages; c26 cm.  aLegal practice bLaw